All 20,000+ Cities in the Caucasus Region - Statistics

General Stats
  • This quiz has been taken 33 times
  • The average score is 15 of 160
Answers on the Map
Answers color-coded by a green-red scale on the quiz's map according to % correct below.
 
Answer Stats
Country/Region Population City % Correct
Azerbaijan 2,665,432 Bakı
93%
Armenia 1,246,822 Yerevan
89%
Georgia 1,331,244 Tbilisi
82%
Krasnodar Krai 472,824 Sochi
68%
Chechenija 337,143 Groznyj
64%
Krasnodar Krai 1,224,466 Krasnodar
61%
Georgia 255,592 Batumi
57%
Stavropol' Krai 674,751 Stavropol'
54%
Georgia 164,059 Kutaisi
43%
Armenia 108,976 Gyumri
39%
Dagestan 817,736 Makhachkala
39%
Azerbaijan 285,135 Gəncə
36%
Azerbaijan 88,624 Naxçıvan
36%
Krasnodar Krai 250,474 Novorossijsk
36%
Severnaja Osetija-Alanija 325,650 Vladikavkaz
36%
Krasnodar Krai 182,813 Armavir
32%
Armenia 26,827 Armavir
32%
Kabardino-Balkarija 273,320 Nal'chik
32%
Georgia 67,679 Sukhumi
32%
Azerbaijan 748,718 Sumqayıt
32%
Dagestan 128,525 Derbent
29%
Georgia 53,174 Gori
29%
Ingushetija 195,008 Nazran'-Magas
25%
Karachajevo-Cherkesija 112,487 Cherkessk
21%
Stavropol' Krai 218,770 Pjatigorsk
21%
Georgia 133,182 Rustavi
21%
Armenia 71,540 Vanadzor
21%
Georgia 61,578 Zugdidi
21%
Azerbaijan 52,582 Lənkəran
18%
Agydeja 134,466 Majkop
18%
Georgia 38,288 Poti
18%
Azerbaijan 68,074 Şəki
18%
Georgia 34,988 Tskhinvali
18%
Stavropol' Krai 125,696 Kislovodsk
14%
Stavropol' Krai 74,104 Mineral'nyje Vody
14%
Krasnodar Krai 88,438 Anapa
11%
Stavropol' Krai 125,514 Jessentuki
11%
Armenia 29,652 Kapan
11%
Azerbaijan 143,470 Mingəçevir
11%
Azerbaijan 63,475 Stepanakert
11%
Krasnodar Krai 59,480 Tuapse
11%
Severnaja Osetija-Alanija 36,315 Beslan
7%
Armenia 45,120 Hrazdan
7%
Dagestan 162,051 Khasavjurt
7%
Azerbaijan 331,091 Maştağa
7%
Stavropol' Krai 112,595 Nevinnomyssk
7%
Georgia 21,157 Samtredia
7%
Azerbaijan 81,381 Şirvan
7%
Ingushetija 91,407 Sunzha
7%
Azerbaijan 72,526 Yevlax
7%
Kabardino-Balkarija 40,290 Baksan
4%
Azerbaijan 125,654 Binə
4%
Stavropol' Krai 55,436 Budyonnovsk
4%
Stavropol' Krai 60,449 Georgijevsk
4%
Chechenija 21,166 Gojty
4%
Chechenija 67,703 Gudermes
4%
Dagestan 51,609 Kizljar
4%
Krasnodar Krai 54,406 Labinsk
4%
Severnaja Osetija-Alanija 41,333 Mozdok
4%
Kabardino-Balkarija 32,952 Nartkala
4%
Krasnodar Krai 42,038 Sirius
4%
Kabardino-Balkarija 20,148 Terek
4%
Krasnodar Krai 53,340 Tikhoretsk
4%
Krasnodar Krai 38,250 Ust'-Labinsk
4%
Azerbaijan 45,311 Xaçmaz
4%
Krasnodar Krai 37,401 Abinsk
0%
Chechenija 31,656 Achkhoj-Martan
0%
Krasnodar Krai 24,003 Afipskij
0%
Azerbaijan 65,867 Ağcabədi
0%
Azerbaijan 30,344 Ağdaş
0%
Azerbaijan 22,438 Ağsu
0%
Krasnodar Krai 20,659 Akhtyrskij
0%
Severnaja Osetija-Alanija 21,070 Alagir
0%
Krasnodar Krai 38,756 Apsheronsk
0%
Chechenija 44,723 Argun
0%
Azerbaijan 44,083 Badamdar
0%
Krasnodar Krai 53,327 Belorechensk
0%
Azerbaijan 69,744 Bərdə
0%
Azerbaijan 27,547 Beyləqan
0%
Azerbaijan 24,484 Biləsuvar
0%
Stavropol' Krai 30,552 Blagodarnyj
0%
Dagestan 70,526 Bujnaksk
0%
Azerbaijan 40,961 Cəlilabad
0%
Armenia 22,727 Charentsavan
0%
Kabardino-Balkarija 21,102 Chegem
0%
Dagestan 32,957 Dagestanskije Ogni
0%
Agydeja 28,542 Enem
0%
Krasnodar Krai 81,042 Gelendzhik
0%
Krasnodar Krai 43,210 Gorjachij Kljuch
0%
Azerbaijan 33,365 Göyçay
0%
Azerbaijan 24,413 Göygöl
0%
Krasnodar Krai 32,779 Gul'kevichi
0%
Azerbaijan 27,992 Hacıqabul
0%
Azerbaijan 69,430 Hövsan
0%
Krasnodar Krai 24,999 Il'skij
0%
Azerbaijan 41,729 İmişli
0%
Stavropol' Krai 28,286 Inozemtsevo
0%
Stavropol' Krai 24,923 Ipatovo
0%
Azerbaijan 31,308 İsmayıllı
0%
Dagestan 59,926 Izberbash
0%
Stavropol' Krai 37,221 Izobil'nyj
0%
Krasnodar Krai 81,662 Jejsk
0%
Ingushetija 24,608 Kantyshevo
0%
Karachajevo-Cherkesija 23,684 Karachajevsk
0%
Chechenija 22,964 Katar-Jurt
0%
Krasnodar Krai 21,639 Khadyzhensk
0%
Georgia 25,017 Khashuri
0%
Dagestan 39,855 Kizljurt
0%
Krasnodar Krai 40,927 Korenovsk
0%
Krasnodar Krai 73,389 Kropotkin
0%
Krasnodar Krai 54,822 Krymsk
0%
Chechenija 25,765 Kurchaloj
0%
Azerbaijan 20,317 Kürdəmir
0%
Krasnodar Krai 45,691 Kurganinsk
0%
Azerbaijan 49,019 Lökbatan
0%
Kabardino-Balkarija 25,822 Majskij
0%
Ingushetija 109,940 Malgobek
0%
Georgia 23,233 Marneuli
0%
Azerbaijan 31,078 Masallı
0%
Krasnodar Krai 25,313 Mostovskoj
0%
Azerbaijan 22,910 Neftçala
0%
Stavropol' Krai 23,037 Neftekumsk
0%
Stavropol' Krai 25,408 Novoaleksandrovsk
0%
Krasnodar Krai 32,639 Novokubansk
0%
Stavropol' Krai 20,335 Novopavlovsk
0%
Chechenija 39,258 Ojskhara
0%
Severnaja Osetija-Alanija 22,553 Oktjabr'skoje
0%
Krasnodar Krai 29,685 Primorsko-Akhtarsk
0%
Kabardino-Balkarija 60,080 Prokhladnyj
0%
Azerbaijan 20,675 Qazax
0%
Azerbaijan 26,735 Qobu
0%
Azerbaijan 25,966 Qobustan
0%
Azerbaijan 24,276 Quba
0%
Azerbaijan 25,986 Qusar
0%
Azerbaijan 32,133 Sabirabad
0%
Azerbaijan 26,000 Şabran
0%
Azerbaijan 30,800 Sabunçu
0%
Azerbaijan 31,523 Sahil
0%
Azerbaijan 40,343 Salyan
0%
Azerbaijan 41,128 Şamaxı
0%
Azerbaijan 42,531 Şəmkir
0%
Georgia 20,169 Senaki
0%
Chechenija 72,117 Shali
0%
Azerbaijan 26,204 Siyəzən
0%
Krasnodar Krai 59,703 Slavjansk-na-Kubani
0%
Stavropol' Krai 20,674 Suvorovskaja
0%
Stavropol' Krai 34,234 Svetlograd
0%
Krasnodar Krai 40,385 Temrjuk
0%
Azerbaijan 32,195 Tərtər
0%
Krasnodar Krai 51,080 Timashyovsk
0%
Azerbaijan 25,962 Tovuz
0%
Chechenija 20,080 Tsotsi-Jurt
0%
Kabardino-Balkarija 22,367 Tyrnyauz
0%
Chechenija 67,241 Urus-Martan
0%
Karachajevo-Cherkesija 31,783 Ust'-Dzheguta
0%
Azerbaijan 22,232 Zaqatala
0%
Stavropol' Krai 32,761 Zelenokumsk
0%
Georgia 23,097 Zestaponi
0%
Karachajevo-Cherkesija 20,391 Zhelenchukskaja
0%
Stavropol' Krai 21,627 Zheleznovodsk
0%
No matching quizzes found
Score Distribution
Percent of People with Each Score
Percentile by Number Answered
Your Score History
You have not taken this quiz